书目信息 |
| 题名: |
每天节省2小时
|
|
| 作者: | 齐格勒 著 ;方颖 译 | |
| 分册: | ||
| 出版信息: | 北京 中信出版社 2013.01 |
|
| 页数: | 23,246页 | |
| 开本: | 22cm | |
| 丛书名: | ||
| 单 册: | ||
| 中图分类: | C935-49 | |
| 科图分类: | ||
| 主题词: | 时间--管理--通俗读物 , 时间 | |
| 电子资源: | ||
| ISBN: | 978-7-5086-3735-8 | |
| 000 | 01160nam0 2200277 450 | |
| 001 | 005830368 | |
| 005 | 20130608172449.73 | |
| 010 | @a978-7-5086-3735-8@b精装@dCNY39.00 | |
| 100 | @a20130205d2013 em y0chiy50 ea | |
| 101 | 1 | @achi@ceng |
| 102 | @aCN@b110000 | |
| 105 | @ay z 000yy | |
| 106 | @ar | |
| 200 | 1 | @a每天节省2小时@9mei tian jie sheng 2 xiao shi@dOrganizing for success@f(美)肯尼斯·齐格勒(Kenneth Zeigler)著@g方颖译@zeng |
| 210 | @a北京@c中信出版社@d2013.01 | |
| 215 | @a23,246页@d22cm | |
| 306 | @a由麦格劳-希尔(亚洲)教育出版公司和中信出版社合作出版 | |
| 330 | @a本书共分14章,探讨了如何有效使用电子邮件、移动设备和社交网站,将它们从时间的漏斗变为名副其实的省时法宝。主要内容包括:快速前进,但迷失方向;掌控自己的每一天;使用总清单制订一个可行的计划;组织和规划高效的一天和一周;分清工作的优先次序并将你的优先次序告诉同事;控制并有效使用电子邮件等。 | |
| 510 | 1 | @aOrganizing for success@zeng |
| 606 | 0 | @a时间@x管理@j通俗读物 |
| 606 | 0 | @a时间 |
| 690 | @aC935-49@v5 | |
| 701 | 0 | @c(美)@a齐格勒@9qi ge le@c(Zeigler, Kenneth)@4著 |
| 702 | 0 | @a方颖@9fang ying@4译 |
| 801 | 0 | @aCN@b人天书店@c20130205 |
| 905 | @dC935-49@e452 | |
| 每天节省2小时=Organizing for success/(美)肯尼斯·齐格勒(Kenneth Zeigler)著/方颖译.-北京:中信出版社,2013.01 |
| 23,246页;22cm |
| ISBN 978-7-5086-3735-8(精装):CNY39.00 |
| 本书共分14章,探讨了如何有效使用电子邮件、移动设备和社交网站,将它们从时间的漏斗变为名副其实的省时法宝。主要内容包括:快速前进,但迷失方向;掌控自己的每一天;使用总清单制订一个可行的计划;组织和规划高效的一天和一周;分清工作的优先次序并将你的优先次序告诉同事;控制并有效使用电子邮件等。 |
| ● |
| 相关链接 |
|
|
|
|
正题名:每天节省2小时
索取号:C935-49/452
 
预约/预借
| 序号 | 登录号 | 条形码 | 馆藏地/架位号 | 状态 | 备注 |
| 1 | 0545246 | 205452464 | 第一样本阅览室/ [索取号:C935-49/452] | 在馆 | |
| 2 | 0545247 | 205452473 | 第一借阅区/ [索取号:C935-49/452] | 在馆 | |
| 3 | 0545248 | 205452482 | 第一借阅区/ [索取号:C935-49/452] | 在馆 | |
| 4 | 0545249 | 205452491 | 第一借阅区/ [索取号:C935-49/452] | 在馆 | |
| 5 | 0545250 | 205452507 | 第一借阅区/ [索取号:C935-49/452] |
已借出,限还日期为2025.06.09 借出人:张瑞金 |